| 000 | 00792nam a2200229Ii 4500 | ||
|---|---|---|---|
| 003 | JO-AjNU | ||
| 008 | 230605s9999||||xx |||||||||||||| ||und|| | ||
| 017 | _a2011/9/3148 | ||
| 020 | _a978-9957-33-368-3 | ||
| 040 |
_aJO-AjNU _bara _erda _cJO-AjNU |
||
| 041 | _aara | ||
| 050 | 1 | 4 | _aHG6024.Q52 2014 |
| 100 | 3 |
_aتاليف قندوز، عبدالكريم احمد, _eauthor _945632 |
|
| 245 | 0 | 0 | _aالمشتقات المالية |
| 250 | _aط1 | ||
| 264 | 3 | 1 | _aعمان: مؤسسة الوراق للنشر والتوزيع، 2014 |
| 300 |
_a317ص _bيحتوي على ببلوغرافية من 313-317ص |
||
| 336 |
_atext _btxt _2rdacontent |
||
| 337 |
_aunmediated _bn _2rdamedia |
||
| 338 |
_avolume _bnc _2rdacarrier |
||
| 650 | 4 |
_aالاسواق المالية - البنوك _945633 |
|
| 999 |
_aA19795 _c23363 _d23363 |
||